Statistics for Countries with Most people in 1900.

Click here to take the quiz!

General Stats

  • This quiz has been taken 23 times
  • The average score is 20 of 25

Answer Stats

KontynentKraj% Correct
AsiaBritish Raj
100%
AsiaChina QING
100%
AsiaJapan Empire
100%
Europe/AsiaRussian Empire
100%
EuropeUnited Kingdom
100%
South AmericaBrazil
95%
EuropeFrance
95%
EuropeGermany
95%
EuropeItaly
95%
North AmericaUSA
95%
EuropeSpain
90%
South AmericaArgentina
85%
AsiaKorean Empire
85%
AsiaPersia
85%
EuropePortugal
85%
EuropeAustrio-Hungary
80%
AsiaDutch Indochina
80%
North AmericaMexico
80%
AsiaSiam
80%
EuropeSweden
75%
EuropeNetherlands
65%
EuropeRomania
60%
AfricaMorocco
50%
AsiaAfghanistan
40%
AfricaAbyssinia
5%

Score Distribution

Percentile by Number Answered

Percent of People with Each Score

Your Score History

You have not taken this quiz